000 00622cam a2200229 a 4500
020 _a9780737743845 (hardcover)
020 _a9780737743838 (pbk.)
020 _a0737743840 (hardcover)
020 _a0737743832 (pbk.)
040 _cDLC
082 0 0 _a362 GRE 2009 C153 Or.
245 0 0 _aMalnutrition /
260 _aDetroit, MI :
_bGreenhaven Press,
_cc2009.
300 _a230 p. :
_bill., maps ;
_c24 cm.
490 1 _aOpposing viewpoints series
650 0 _aFood relief.
650 0 _aMalnutrition.
650 0 _aNutrition policy.
650 0 _aFood supply.
700 1 _aHaerens, Margaret.
942 _cAEDBB
999 _c18825
_d18825